| 000 | 01487nam a2200361Ia 4500 | ||
|---|---|---|---|
| 001 | ebr10054662 | ||
| 003 | CaPaEBR | ||
| 006 | m u | ||
| 007 | cr cn||||||||| | ||
| 008 | 990421s2000 enk sb 001 0 eng d | ||
| 010 | _z 99031059 | ||
| 020 | _z0203030265 | ||
| 020 | _z0415187265 (hc. : alk. paper) | ||
| 040 |
_aCaPaEBR _cCaPaEBR |
||
| 035 | _a(OCoLC)191935995 | ||
| 050 | 1 | 4 |
_aDR48.6 _b.E96 2000eb |
| 082 | 0 | 4 |
_a949.6055/9 _221 |
| 245 | 0 | 0 |
_aExperimenting with democracy _h[electronic resource] : _bregime change in the Balkans / _cedited by Geoffrey Pridham and Tom Gallagher. |
| 260 |
_aLondon ; _aNew York : _bRoutledge, _c2000. |
||
| 300 | _ax, 282 p. | ||
| 490 | 1 |
_aRoutledge studies of societies in transition ; _v13 |
|
| 504 | _aIncludes bibliographical references and index. | ||
| 533 |
_aElectronic reproduction. _bPalo Alto, Calif. : _cebrary, _d2009. _nAvailable via World Wide Web. _nAccess may be limited to ebrary affiliated libraries. |
||
| 650 | 0 |
_aPost-communism _zBalkan Peninsula. |
|
| 650 | 0 |
_aDemocracy _zBalkan Peninsula. |
|
| 651 | 0 |
_aBalkan Peninsula _xPolitics and government _y1989- |
|
| 655 | 7 |
_aElectronic books. _2local |
|
| 700 | 1 |
_aPridham, Geoffrey, _d1942- |
|
| 700 | 1 |
_aGallagher, Tom, _d1954- |
|
| 710 | 2 | _aebrary, Inc. | |
| 830 | 0 |
_aRoutledge studies of societies in transition ; _v13. |
|
| 856 | 4 | 0 |
_uhttp://site.ebrary.com/lib/rucke/Doc?id=10054662 _zAn electronic book accessible through the World Wide Web; click to view |
| 999 |
_c63516 _d63516 |
||